Obálka
Pro půjčování e-knih musíte být přihlášeni.
Jak si půjčit online?

Obřad /

Thriller z pera trojice španělských autorů, kteří se skrývají pod ženským pseudonymem, uvádí na scénu inspektorku Blancovou. Za třetí knihu z této série získali prestižní Premio Planeta.

Uloženo v:
Série:Případy Eleny Blancové, část 1
Hlavní autor: Mola, Carmen (Autor)
Další autoři: Melicharová, Anna (Autor)
Médium: E-audiokniha
Jazyk:Czech
Vydáno: Praha : Kniha Zlin, 2023
Vydání:Vydání první
Edice:Thrill
Témata:
Příbuzné jednotky:Z cyklu:: Případy Eleny Blancové
Tagy:
Žádné tagy
LEADER 06273nam a2201501 i 4500
001 313180
003 CZ PrSKC
005 20260601215737.0
007 ta
008 230130s2023 xr g 000 f cze
015 |a cnb003494748 
020 |a 9788076624542  |q (vázáno) 
035 |a (OCoLC)1375348792 
040 |a ABG001  |b cze  |d ABA001  |e rda 
041 1 |a cze  |h spa 
072 7 |a 821.134.2-3  |x Španělská próza, španělsky psaná  |2 Konspekt 
080 |a 821.134.2-31  |2 MRF 
080 |a (0:82-312.4)  |2 MRF 
100 1 |a Mola, Carmen  |7 xx0257559  |4 aut 
240 1 0 |a Novia gitana.  |l Česky 
245 1 0 |a Obřad /  |c Carmen Mola ; přeložila Anna Melicharová 
250 |a Vydání první 
264 1 |a Praha :  |b Kniha Zlin,  |c 2023 
300 |a 347 stran ;  |c 21 cm 
336 |a text  |b txt  |2 rdacontent 
337 |a bez média  |b n  |2 rdamedia 
338 |a svazek  |b nc  |2 rdacarrier 
490 1 |a Thrill ;  |v svazek 51 
500 |a Přeloženo ze španělštiny 
520 2 |a Thriller z pera trojice španělských autorů, kteří se skrývají pod ženským pseudonymem, uvádí na scénu inspektorku Blancovou. Za třetí knihu z této série získali prestižní Premio Planeta.  |b Temná rituální vražda po sedmi letech opět otřásla celým Madridem. Obětí trýznivého zločinu se stala další mladá žena, která měla těsně před svatbou. Tehdejší pachatel byl dopaden a dosud si odpykává trest, takže existují jen dvě možnosti: buď má následovníka, anebo je uvězněn nevinný. Ve strachem svíraném městě čeká inspektorku Elenu Blancovou největší výzva její kariéry. Nakladatelská anotace. Kráceno. 
655 7 |a španělské romány  |7 fd133918  |2 czenas 
655 7 |a thrillery (romány)  |7 fd184206  |2 czenas 
655 9 |a Spanish fiction  |2 eczenas 
655 9 |a thrillers (novels)  |2 eczenas 
700 1 |a Melicharová, Anna  |7 kv2018978444  |4 trl 
787 0 8 |i Z cyklu:  |t Případy Eleny Blancové  |g 1 
830 0 |a Thrill 
900 |a ABA001  |b 21 
928 9 |a Albatros Media - Kniha Zlin 
044 |a xr 
505 0 0 |t uvod (0 min., 44 sek.) 
505 0 0 |t prvni-cast (6 min., 11 sek.) 
505 0 0 |t 1-kapitola (10 min., 11 sek.) 
505 0 0 |t 2-kapitola (6 min., 52 sek.) 
505 0 0 |t 3-kapitola (7 min., 14 sek.) 
505 0 0 |t 4-kapitola (9 min., 7 sek.) 
505 0 0 |t 5-kapitola (6 min., 39 sek.) 
505 0 0 |t 6-kapitola (5 min., 30 sek.) 
505 0 0 |t 7-kapitola (8 min., 10 sek.) 
505 0 0 |t 8-kapitola (6 min., 0 sek.) 
505 0 0 |t 9-kapitola (6 min., 50 sek.) 
505 0 0 |t 10-kapitola (7 min., 13 sek.) 
505 0 0 |t 11-kapitola (7 min., 50 sek.) 
505 0 0 |t 12-kapitola (8 min., 0 sek.) 
505 0 0 |t 13-kapitola (4 min., 18 sek.) 
505 0 0 |t 14-kapitola (6 min., 45 sek.) 
505 0 0 |t 15-kapitola (6 min., 41 sek.) 
505 0 0 |t 16-kapitola (9 min., 28 sek.) 
505 0 0 |t 17-kapitola (8 min., 31 sek.) 
505 0 0 |t druha-cast (4 min., 39 sek.) 
505 0 0 |t 18-kapitola (7 min., 0 sek.) 
505 0 0 |t 19-kapitola (8 min., 31 sek.) 
505 0 0 |t 20-kapitola (7 min., 12 sek.) 
505 0 0 |t 21-kapitola (7 min., 10 sek.) 
505 0 0 |t 22-kapitola (7 min., 11 sek.) 
505 0 0 |t 23-kapitola (8 min., 11 sek.) 
505 0 0 |t 24-kapitola (8 min., 38 sek.) 
505 0 0 |t 25-kapitola (7 min., 44 sek.) 
505 0 0 |t 26-kapitola (6 min., 3 sek.) 
505 0 0 |t 27-kapitola (7 min., 4 sek.) 
505 0 0 |t 28-kapitola (7 min., 58 sek.) 
505 0 0 |t 29-kapitola (7 min., 4 sek.) 
505 0 0 |t 30-kapitola (3 min., 50 sek.) 
505 0 0 |t 31-kapitola (7 min., 4 sek.) 
505 0 0 |t 32-kapitola (5 min., 42 sek.) 
505 0 0 |t 33-kapitola (7 min., 3 sek.) 
505 0 0 |t 34-kapitola (7 min., 41 sek.) 
505 0 0 |t treti-cast (3 min., 56 sek.) 
505 0 0 |t 35-kapitola (7 min., 32 sek.) 
505 0 0 |t 36-kapitola (10 min., 0 sek.) 
505 0 0 |t 37-kapitola (6 min., 55 sek.) 
505 0 0 |t 38-kapitola (7 min., 32 sek.) 
505 0 0 |t 39-kapitola (8 min., 44 sek.) 
505 0 0 |t 40-kapitola (7 min., 23 sek.) 
505 0 0 |t 41-kapitola (9 min., 17 sek.) 
505 0 0 |t 42-kapitola (10 min., 17 sek.) 
505 0 0 |t 43-kapitola (8 min., 42 sek.) 
505 0 0 |t 44-kapitola (7 min., 5 sek.) 
505 0 0 |t 45-kapitola (6 min., 25 sek.) 
505 0 0 |t 46-kapitola (10 min., 11 sek.) 
505 0 0 |t 47-kapitola (11 min., 1 sek.) 
505 0 0 |t 48-kapitola (6 min., 10 sek.) 
505 0 0 |t 49-kapitola (12 min., 27 sek.) 
505 0 0 |t 50-kapitola (2 min., 16 sek.) 
505 0 0 |t ctvrta-cast (3 min., 43 sek.) 
505 0 0 |t 51-kapitola (11 min., 29 sek.) 
505 0 0 |t 52-kapitola (6 min., 43 sek.) 
505 0 0 |t 53-kapitola (5 min., 23 sek.) 
505 0 0 |t 54-kapitola (5 min., 17 sek.) 
505 0 0 |t 55-kapitola (9 min., 17 sek.) 
505 0 0 |t 56-kapitola (8 min., 53 sek.) 
505 0 0 |t 57-kapitola (6 min., 52 sek.) 
505 0 0 |t 58-kapitola (8 min., 14 sek.) 
505 0 0 |t 59-kapitola (12 min., 23 sek.) 
505 0 0 |t 60-kapitola (5 min., 4 sek.) 
505 0 0 |t 61-kapitola (6 min., 55 sek.) 
505 0 0 |t 62-kapitola (7 min., 14 sek.) 
505 0 0 |t 63-kapitola (8 min., 5 sek.) 
505 0 0 |t 64-kapitola (6 min., 46 sek.) 
505 0 0 |t 65-kapitola (6 min., 30 sek.) 
505 0 0 |t 66-kapitola (8 min., 19 sek.) 
505 0 0 |t pata-cast (4 min., 43 sek.) 
505 0 0 |t 67-kapitola (12 min., 44 sek.) 
505 0 0 |t 68-kapitola (10 min., 50 sek.) 
505 0 0 |t 69-kapitola (8 min., 43 sek.) 
505 0 0 |t 70-kapitola (11 min., 30 sek.) 
505 0 0 |t 71-kapitola (9 min., 4 sek.) 
505 0 0 |t 72-kapitola (8 min., 14 sek.) 
505 0 0 |t 73-kapitola (15 min., 7 sek.) 
505 0 0 |t 74-kapitola (15 min., 29 sek.) 
505 0 0 |t 75-kapitola (11 min., 43 sek.) 
505 0 0 |t 76-kapitola (12 min., 29 sek.) 
505 0 0 |t 77-kapitola (10 min., 41 sek.) 
505 0 0 |t 78-kapitola (5 min., 44 sek.) 
505 0 0 |t zaver (1 min., 43 sek.) 
910 |a RBIT002 
998 |d 387590  |a https://core.palmknihy.cz/api/books/387590/cover?sia8tu  |b https://core.palmknihy.cz/api/books/387590/cover/400?sia8tu  |c https://core.palmknihy.cz/api/books/387590/cover/50?sia8tu  |e 2029-10-31  |i 9788076624542  |l 39540  |q 49  |r 1  |s https://www.palmknihy.cz/kniha/387590  |t audiobook  |y 2023  |z 0 
999 |d 313178